| 000 | 00485nam a2200193Ia 4500 | ||
|---|---|---|---|
| 005 | 20241129131003.0 | ||
| 008 | 131103s9999 xx 000 0 und d | ||
| 020 | _a590674447 | ||
| 040 | _aLoreto College | ||
| 041 | _aEnglish | ||
| 082 |
_a900 _bMOO |
||
| 100 | _aMoore, Kay | ||
| 245 |
_aIf you lived at the time of the American revolution _cKay Moore |
||
| 260 |
_aNew York _bScholastic _c1997 |
||
| 300 |
_a80p. _b pic. |
||
| 650 | _aHistory | ||
| 850 | _aLCBED | ||
| 942 | _cBK | ||
| 999 |
_c28998 _d79477 |
||